NPB 日本プロ野球 Akinator風クイズ 2 - Statistics

General Stats
  • This quiz has been taken 569 times
  • The average score is 6 of 10
Answer Stats
Question Answer % Correct
実在している? はい
98%
藤浪晋太郎選手ですか? いいえ
95%
現役選手ですか? はい
94%
助っ人外国人ですか? いいえ
92%
ひげが特徴的ですか? いいえ
86%
2023年の背番号は二桁ですか はい
84%
球速160km/hを記録しましたか? いいえ
81%
投手ですか? はい
80%
身長は190cm以上ですか いいえ
77%
2023年シーズンで中継ぎ登板をしましたか? はい
75%
親は政治家ですか? いいえ
75%
左投げですか? はい
72%
移籍経験がありますか? いいえ
72%
セーブを記録しましたか? はい
71%
セリーグの選手ですか? いいえ
70%
社会人野球では外野手も務めましたか? いいえ
68%
トミー・ジョン手術を受けましたか? いいえ
67%
育成契約と関係がありますか? いいえ
67%
年俸が1億円に到達したことはありますか いいえ
64%
シーズンで20ホールドを記録したことがありますか? はい
63%
タイトルを獲得したことがありますか? いいえ
62%
乙坂智選手と出身校が同じですか? いいえ
60%
オールスターゲームに出場したことがありますか? いいえ
50%
通算で負けこしている? はい
49%
通算防御率は2点台ですか? いいえ
48%
出身地は東北ですか? いいえ
47%
高卒で入団しましたか? いいえ
47%
現在(2024年3月時点)25歳以下ですか? いいえ
46%
侍ジャパンに召集されたことがありますか? いいえ
46%
結婚しましたか? いいえ
46%
通算100登板以上を記録している? はい
46%
高校野球で甲子園出場した経験はありますか? いいえ
44%
シーズンで50奪三振以上を記録したことがありますか? いいえ
39%
ドラフト指名は3位以上でしたか? いいえ
35%
アリエル・マルティネス選手に逆転の2ランホームランを打たれましたか? いいえ
29%
No matching quizzes found
Score Distribution
Percent of People with Each Score
Percentile by Number Answered
Your Score History
You have not taken this quiz